000 00732nam a22002417a 4500
001 49083
003 DO-SdBNP
005 20180126151621.0
007 49083
008 930901s1993 sp | |||| ||spa
016 7 _2BPMSU
020 _a8481300101
040 _aBPMSU
_bspa
_cBPMSU
100 1 _aAsturias, Miguel Ángel
_d1899-1974
245 1 0 _aLeyendas de Guatemala /
_cMiguel Ángel Asturias
260 _aBarcelona :
_bPrimera Plana,
_c1993
300 _a96 p.:
_c21 cm,
490 _aGrandes autores.Biblioteca de literatura universal
_v12
830 _pGrandes autores. Biblioteca de literatura universal
_v12
942 _2ddc
_cBK
945 _aInventariado, 2018 / YL
956 _aVMATEO
_210
_320151119
_6BPMSU
_800151
999 _c8808
_d8808